| Tag |
First Indicator |
Second Indicator |
Subfields |
| LEADER |
00000cam a2200000Ii 4500 |
| 001 |
in00004036610 |
| 005 |
20190416173913.0 |
| 006 |
m o d |
| 007 |
cr cnu|||unuuu |
| 008 |
180314s2018 sz o 001 0 eng d |
| 020 |
|
|
|a 9783319728292
|q (electronic bk.)
|
| 020 |
|
|
|a 3319728296
|q (electronic bk.)
|
| 020 |
|
|
|z 9783319728285
|q (print)
|
| 020 |
|
|
|z 3319728288
|
| 024 |
8 |
|
|a 40028148529
|
| 035 |
|
|
|a (NhCcYBP)EBSCO1730116
|
| 040 |
|
|
|a NhCcYBP
|c NhCcYBP
|d UtOrBLW
|
| 050 |
|
4 |
|a LC1203.D44
|b I53 2018
|
| 072 |
|
7 |
|a EDU
|x 001000
|2 bisacsh
|
| 072 |
|
7 |
|a EDU
|x 036000
|2 bisacsh
|
| 082 |
0 |
4 |
|a 371.9/046091724
|2 23
|
| 245 |
0 |
0 |
|a Inclusive education and disability in the Global South /
|c Leda Kamenopoulou, editor.
|
| 264 |
|
1 |
|a Cham, Switzerland :
|b Palgrave Macmillan,
|c 2018.
|
| 300 |
|
|
|a 1 online resource.
|
| 336 |
|
|
|a text
|b txt
|2 rdacontent
|
| 337 |
|
|
|a computer
|b c
|2 rdamedia
|
| 338 |
|
|
|a online resource
|b cr
|2 rdacarrier
|
| 490 |
1 |
|
|a Palgrave pivot
|
| 500 |
|
|
|a Includes index.
|
| 588 |
0 |
|
|a Online resource; title from PDF title page (Ebsco, viewed March 19, 2018).
|
| 500 |
|
|
|a Electronic resource.
|
| 650 |
|
0 |
|a Inclusive education
|z Developing countries.
|
| 655 |
|
7 |
|a Electronic books.
|2 local
|
| 700 |
1 |
|
|a Kamenopoulou, Leda,
|e editor.
|
| 710 |
2 |
|
|a EBSCOhost.
|
| 776 |
1 |
8 |
|c Original
|z 3319728288
|z 9783319728285
|
| 830 |
|
0 |
|a Palgrave pivot.
|0 http://id.loc.gov/authorities/names/no2012160523
|
| 856 |
4 |
0 |
|u http://proxy.library.tamu.edu/login?url=http://search.ebscohost.com/login.aspx?direct=true&scope=site&db=nlebk&db=nlabk&AN=1730116
|z Connect to the full text of this electronic book
|t 0
|
| 955 |
|
|
|a YBP purchased approval e-records
|
| 980 |
|
|
|b 109.98
|g 1
|
| 987 |
|
|
|a ybp15217502
|
| 999 |
f |
f |
|s aa3cc117-75c1-3cbe-9ec9-f388f643457e
|i ad0ce3e3-7255-3ee9-a736-ac422af846b5
|t 0
|
| 952 |
f |
f |
|a Texas A&M University
|b College Station
|c Electronic Resources
|d Available Online
|t 0
|e LC1203.D44 I53 2018
|h Library of Congress classification
|
| 998 |
f |
f |
|a LC1203.D44 I53 2018
|t 0
|l Available Online
|